<?xml version="1.0" encoding="UTF-8"?>
<collection xmlns="http://www.loc.gov/MARC21/slim">
 <record>
  <leader>02570nam a2200301 a 4500</leader>
  <controlfield tag="001">1/44796</controlfield>
  <controlfield tag="008">140701s2003    uk            001 0 eng  </controlfield>
  <datafield tag="020" ind1=" " ind2=" ">
   <subfield code="a">9781589950047</subfield>
  </datafield>
  <datafield tag="020" ind1=" " ind2=" ">
   <subfield code="a">1589950046</subfield>
  </datafield>
  <datafield tag="035" ind1=" " ind2=" ">
   <subfield code="l">47750</subfield>
  </datafield>
  <datafield tag="040" ind1=" " ind2=" ">
   <subfield code="a">OPELS</subfield>
   <subfield code="b">eng</subfield>
   <subfield code="c">OPELS</subfield>
   <subfield code="d">OPELS</subfield>
   <subfield code="d">BAKER</subfield>
   <subfield code="d">OCLCQ</subfield>
   <subfield code="d">OCLCE</subfield>
   <subfield code="d">E7B</subfield>
   <subfield code="d">OCLCF</subfield>
   <subfield code="d">GR-PeUP</subfield>
  </datafield>
  <datafield tag="100" ind1="1" ind2=" ">
   <subfield code="a">Cevoli, Paul.</subfield>
  </datafield>
  <datafield tag="245" ind1="1" ind2="0">
   <subfield code="a">Embedded FreeBSD cookbook</subfield>
   <subfield code="h">[electronic resource] /</subfield>
   <subfield code="c">by Paul Cevoli.</subfield>
  </datafield>
  <datafield tag="260" ind1=" " ind2=" ">
   <subfield code="a">Oxford :</subfield>
   <subfield code="b">Newnes,</subfield>
   <subfield code="c">c2003.</subfield>
  </datafield>
  <datafield tag="300" ind1=" " ind2=" ">
   <subfield code="a">1 online resource (x, 233 p.) :</subfield>
   <subfield code="b">ill.</subfield>
  </datafield>
  <datafield tag="490" ind1="1" ind2=" ">
   <subfield code="a">Embedded technology series</subfield>
  </datafield>
  <datafield tag="520" ind1=" " ind2=" ">
   <subfield code="a">The FreeBSD operating system has become a popular OS choice for embedded systems due to its small size and the fact that it is free to users. However, detailed information on using FreeBSD is difficult to find. Author Paul Cevoli, an experienced embedded systems engineer, answers that need in this cookbook aimed at making life easier for engineers working with FreeBSD. Topics covered in the book include core operating system components, processes, process scheduling, virtual memory, device drivers and debugging, as these are the core features necessary for embedded system developers. The core software provided to the reader on the accompanying CD-ROM is written in C. Each chapter discusses basic components of FreeBSD, device drivers, Unix kernel, and C and GNU development tools, and provides the reader with the information needed to accomplish the stated task, along with sample source code. * Provides numerous examples of system software with source code and debugging techniques that can provide starting points for your own designs * Covers core operating system components, processes and process scheduling, system booting, virtual memory, device drivers, debugging, and much more * All sample code is provided on the accompanying CD-ROM, along with other useful programming tools.</subfield>
  </datafield>
  <datafield tag="505" ind1="0" ind2=" ">
   <subfield code="a">System Calls; Processes; Signals; Process Scheduling; Interprocess Communication; Virtual Memory; I/O Subsystem; Device Drivers; Building the FreeBSD Kernel; System Booting; Kernel Debugging using GDB.</subfield>
  </datafield>
  <datafield tag="500" ind1=" " ind2=" ">
   <subfield code="a">Includes index.</subfield>
  </datafield>
  <datafield tag="630" ind1="0" ind2="0">
   <subfield code="a">FreeBSD.</subfield>
  </datafield>
  <datafield tag="650" ind1=" " ind2="4">
   <subfield code="a">Operating systems (Computers).</subfield>
  </datafield>
  <datafield tag="650" ind1=" " ind2="4">
   <subfield code="a">Embedded computer systems.</subfield>
  </datafield>
  <datafield tag="655" ind1=" " ind2="4">
   <subfield code="a">Electronic books.</subfield>
  </datafield>
  <datafield tag="830" ind1=" " ind2="0">
   <subfield code="a">Embedded technology series (Oxford, England)</subfield>
  </datafield>
  <datafield tag="852" ind1=" " ind2=" ">
   <subfield code="a">INST</subfield>
   <subfield code="b">UNIPILB</subfield>
   <subfield code="c">EBOOKS</subfield>
   <subfield code="e">20140701</subfield>
   <subfield code="p">00b47750</subfield>
   <subfield code="q">00b47750</subfield>
   <subfield code="t">ONLINE</subfield>
   <subfield code="y">0</subfield>
  </datafield>
  <datafield tag="856" ind1="4" ind2="0">
   <subfield code="3">ScienceDirect</subfield>
   <subfield code="u">http://www.sciencedirect.com/science/book/9781589950047</subfield>
  </datafield>
  <datafield tag="856" ind1="4" ind2=" ">
   <subfield code="d">/webopac/covers/03/47750_9781589950047.jpg</subfield>
  </datafield>
  <datafield tag="856" ind1="4" ind2=" ">
   <subfield code="d">/webopac/covers/03/47750_1589950046.jpg</subfield>
  </datafield>
 </record>
</collection>
